| 000 | 00000nam 2200000zi 4500 |
| 001 | 9.946566 |
| 003 | CaOODSP |
| 005 | 20250107104055 |
| 006 | m o d f |
| 007 | cr mn||||||||| |
| 008 | 250107e197912##onc o f000 0 fre d |
| 040 | |aCaOODSP|bfre|erda|cCaOODSP |
| 043 | |an-cn--- |
| 086 | 1 |aId40-8/1979F-PDF |
| 245 | 02|aL'industrie des produits d'hygiène : |bpossibilités de fabrication au Canada. |
| 264 | 1|aOttawa, Canada : |bDivision de l'analyse sectorielle, Direction des produits chimiques, Industrie et commerce, |cdécembre 1979. |
| 300 | |a1 ressource en ligne (40 pages) |
| 336 | |atexte|btxt|2rdacontent/fre |
| 337 | |ainformatique|bc|2rdamedia/fre |
| 338 | |aressource en ligne|bcr|2rdacarrier/fre |
| 500 | |aPublié aussi en anglais sous le titre : The health care products industry: manufacturing opportunities in Canada. |
| 500 | |a« Document de référence » -- Coverture. |
| 500 | |aÉdition numérisée de l'imprimé [par Innovation, sciences et développement économique Canada]. |
| 650 | 6|aIndustrie pharmaceutique|zCanada. |
| 650 | 6|aMédecine|xAppareils et instruments|xIndustrie|zCanada. |
| 710 | 1 |aCanada. |bIndustrie et commerce. |bDirection des produits chimiques. |bDivision de l'analyse sectorielle, |eorganisme de publication. |
| 775 | 08|tThe health care products industry : |w(CaOODSP)9.938556 |
| 856 | 40|qPDF|s695 Ko|uhttps://publications.gc.ca/collections/collection_2025/isde-ised/Id40-8-1979-fra.pdf |